Films and filming / (Record no. 875)
[ view plain ]
| 000 -LEADER | |
|---|---|
| campo de control de longitud fija | 01150nas a2200265 i 4500 |
| 001 - NÚMERO DE CONTROL | |
| campo de control | 875 |
| 003 - IDENTIFICADOR DE NÚMERO DE CONTROL | |
| campo de control | ES-MaACL |
| 005 - FECHA Y HORA DE LA ÚLTIMA TRANSACCIÓN | |
| campo de control | 20250814084546.0 |
| 008 - DATOS DE LONGITUD FIJA--INFORMACIÓN GENERAL | |
| campo de control de longitud fija | 950801d19541990xxkm| | 1 ||ng d |
| 080 ## - NÚMERO DE LA CLASIFICACIÓN DECIMAL UNIVERSAL | |
| Número de la Clasificación Decimal Universal | 410 |
| 245 00 - MENCIÓN DEL TÍTULO | |
| Título | Films and filming / |
| Mención de responsabilidad, etc. | ed. Peter G. Baker. |
| 260 ## - PUBLICACIÓN, DISTRIBUCIÓN, ETC. | |
| Lugar de publicación, distribución, etc. | London : |
| Nombre del editor, distribuidor, etc. | Hansom Books, |
| Fecha de publicación, distribución, etc. | 1954-1990 ( |
| Lugar de fabricación/manufactura | Southend-on-Sea : |
| Fabricante | Lyndan) |
| 300 ## - DESCRIPCIÓN FÍSICA | |
| Extensión | 5 v. : |
| Otras características físicas | grab. ; |
| Dimensiones | 28 cm. |
| 310 ## - PERIODICIDAD ACTUAL | |
| Periodicidad actual | Mensual |
| 362 0# - FECHAS DE PUBLICACIÓN Y/O DESIGNACIÓN SECUENCIAL | |
| Fecha de publicación y/o designación secuencial | V. I (oct. 1954)-nº. 425 (Mar. 1990) |
| 500 ## - NOTA GENERAL | |
| Nota general | Fecha de inicio de la publicación tomada de : Ulrich's international periodicals directory. 14th ed. 1971-72. |
| 515 ## - NOTA DE PECULIARIDADES DE LA NUMERACIÓN | |
| Nota de peculiaridades de la numeración | Suspendida la publicacion entre julio 1980-Sept. 1981. Nº. 310-324 nunca fueron publicados. |
| 650 17 - PUNTO DE ACCESO ADICIONAL DE MATERIA--TÉRMINO DE MATERIA | |
| Término de materia o nombre geográfico como elemento de entrada | Cine |
| Fuente del encabezamiento o término | embne |
| 9 (RLIN) | 11010 |
| 655 #7 - TERMINO DE INDIZACIÓN--GENERO/FORMA | |
| Fuente del término | tgfbne |
| 9 (RLIN) | 226866 |
| Datos o término principal de género/forma | Revistas |
| 700 1# - ENTRADA AGREGADA--NOMBRE PERSONAL | |
| Nombre de persona | Baker, Peter G. |
| 9 (RLIN) | 24779 |
| 852 ## - LOCALIZACIÓN | |
| Ubicación | ES-MaACL |
| Número de control de estantería | HEM-H-279 |
| Signatura antigua | Olim : HEM-1479 |
| Ubicación en estantería | Hemeroteca |
| itemnumber | 898 |
| Nota libre | Expurgada marzo 2025: posterior 1958; sin encuadernar; muy incompleta; completa colección de BNE; 12 localizaciones en Rebiun |
| 866 #0 - MENCIÓN TEXTUAL DE FONDOS--UNIDAD BIBLIOGRÁFICA BÁSICA | |
| Fondos | 1965(1966f.n.4-6y12)(1967),(1975)1976(1977f.oct.-dic.)(1978)1979(1980). |
| 942 ## - ELEMENTOS DE ENTRADA SECUNDARIOS (KOHA) | |
| Fuente del sistema de clasificación o colocación | Clasificación decimal universal |
| Estatus retirado | Estado de pérdida | Fuente del sistema de clasificación o colocación | Estado de daño | No para préstamo | Colección | Biblioteca de origen | Biblioteca actual | Ubicación en estantería | Fecha de adquisición | Total de préstamos | Signatura topográfica completa | Código de barras | Visto por última vez | Precio de reemplazo | Tipo de ítem Koha |
|---|---|---|---|---|---|---|---|---|---|---|---|---|---|---|---|
| Expurgado | Clasificación decimal universal | Periódicos y Revistas | Biblioteca del Ateneo de Madrid | Biblioteca del Ateneo de Madrid | Hemeroteca | 17/01/2008 | HEM-H-279 | 1000891 | 23/02/2023 | 23/02/2023 | Revista |
